Patient care evaluation in mental health programs. (Record no. 462)
[ view plain ]
| 000 -LEADER | |
|---|---|
| fixed length control field | 00978nam a2200289 a 4500 |
| 005 - DATE AND TIME OF LATEST TRANSACTION | |
| control field | 20260322212021.0 |
| 008 - FIXED-LENGTH DATA ELEMENTS--GENERAL INFORMATION | |
| fixed length control field | data |
| 010 ## - LIBRARY OF CONGRESS CONTROL NUMBER | |
| LC control number | 74017414 // r86 |
| 020 ## - INTERNATIONAL STANDARD BOOK NUMBER | |
| International Standard Book Number | 0884101185 |
| 020 ## - INTERNATIONAL STANDARD BOOK NUMBER | |
| International Standard Book Number | 9780884101185 |
| 050 0# - LIBRARY OF CONGRESS CALL NUMBER | |
| Classification number | RA790.5 |
| Item number | .P37 |
| 060 ## - NATIONAL LIBRARY OF MEDICINE CALL NUMBER | |
| Classification number | WM30 R551p 1974 |
| 096 ## - LOCALLY ASSIGNED NLM-TYPE CALL NUMBER (OCLC) | |
| Classification number | WM 30 R272p |
| 001 - CONTROL NUMBER | |
| control field | data |
| 245 00 - TITLE STATEMENT | |
| Title | Patient care evaluation in mental health programs. |
| Statement of responsibility, etc. | edited by Donald C. Riedel, Gary L. Tischler & Jerome K. Myers. |
| 260 ## - PUBLICATION, DISTRIBUTION, ETC. | |
| Place of publication, distribution, etc. | Cambridge, Mass., |
| Name of publisher, distributor, etc. | Ballinger Pub. Co. |
| Date of publication, distribution, etc. | [1974] |
| 300 ## - PHYSICAL DESCRIPTION | |
| Extent | xxii, 292 p. |
| Other physical details | illus. |
| Dimensions | 24 cm. |
| 504 ## - BIBLIOGRAPHY, ETC. NOTE | |
| Bibliography, etc. note | Includes bibliographical references. |
| 590 ## - LOCAL NOTE (RLIN) | |
| Local note | Includes bibliographical references. |
| 650 #0 - SUBJECT ADDED ENTRY--TOPICAL TERM | |
| Topical term or geographic name entry element | Mental health services |
| General subdivision | Evaluation. |
| 650 #0 - SUBJECT ADDED ENTRY--TOPICAL TERM | |
| Topical term or geographic name entry element | Community mental health services |
| General subdivision | Evaluation. |
| 650 #2 - SUBJECT ADDED ENTRY--TOPICAL TERM | |
| Topical term or geographic name entry element | Community Mental Health Services. |
| 650 #2 - SUBJECT ADDED ENTRY--TOPICAL TERM | |
| Topical term or geographic name entry element | Patient Care Planning. |
| 700 1# - ADDED ENTRY--PERSONAL NAME | |
| Personal name | Riedel, Donald C., |
| Dates associated with a name | 1934- |
| 700 1# - ADDED ENTRY--PERSONAL NAME | |
| Personal name | Tischler, Gary L. |
| 700 1# - ADDED ENTRY--PERSONAL NAME | |
| Personal name | Myers, Jerome K. |
| Dates associated with a name | 1921- |
| Fuller form of name | (Jerome Keeley), |
| Withdrawn status | Lost status | Damaged status | Not for loan | Home library | Current library | Shelving location | Date acquired | Total checkouts | Full call number | Barcode | Date last seen | Price effective from | Koha item type |
|---|---|---|---|---|---|---|---|---|---|---|---|---|---|
| Riverside | Riverside | General stacks | 22/03/2026 | RA790.5 .P37 | BC0010473 | 22/03/2026 | 22/03/2026 | Books |